| 000 | 03276nam a22003257a 4500 | ||
|---|---|---|---|
| 003 | OSt | ||
| 005 | 20241021083434.0 | ||
| 007 | cr ||||||a|c|a | ||
| 008 | 241004s2020 mx ad||fom||| 001 0 spa d | ||
| 040 | _erda | ||
| 100 | 1 |
_aJiménez Paez, José Orlando _9125972 |
|
| 245 | 1 | 0 |
_aFabricación y evaluación de bolos intrarruminales con minerales traza como suplento para rumiantes / _cpor José Orlando Jiménes Paez; director Maximino Huerta Bravo; asesor Agustín Ruíz Flores; asesor Gabriela Rodriguez Patiño; lector externo Raquel López Arellano |
| 264 | 1 |
_aChapingo, México : _bEl autor, _c2020. |
|
| 300 |
_a1 recurso en línea ( 54 páginas). _bIlustraciones, cuadros, gráficas |
||
| 336 |
_2rdacontent _atexto _btxt |
||
| 337 |
_2rdamedia _acomputadora _bc |
||
| 338 |
_2rdacarrier _arecurso en línea _bcr |
||
| 502 |
_bDCIG _cZootecnía _d2020. |
||
| 504 | _aIncluye referencias bibliográficas: páginas 5-6, 16-18, 27-29, 38-40, 43-44 | ||
| 520 | _aLos minerales traza cumplen funciones específicas para mantener en condiciones óptimas a los rumiantes; su deficiencia compromete la salud y la productividad. Existen diferentes métodos de suplementación mineral que han sido evaluados en rumiantes; sin embargo, se ha comprobado que los suplementos dirigidos son de mayor eficacia y beneficio. Los bolos intrarruminales son formas sólidas de dosificación mineral que aseguran por un tiempo determinado la ministración de minerales. El objetivo de la presente disertación doctoral fue fabricar y evaluar la suplementación de minerales traza en rumiantes, a partir de su administración en ovinos y caprinos. A partir de la síntesis de artículos científicos, se presenta un artículo de revisión sobre el diseño, características y uso de este tipo de suplementación mineral en rumiantes y las oportunidades de investigación en esta área. Se diseñaron y fabricaron bolos intrarruminales a partir de la metodología de granulación por fusión, que contenían selenio, yodo y cobalto. En un experimento con ovinos estabulados se evaluó el efecto del hierro reducido, contenido en la matriz densificadora del bolo en la concentración de Fe en suero sanguíneo. En otro estudio, con caprinos estabulados durante la gestación, se comprobó el éxito de los bolos intrarruminales en la concentración de selenio en suero sanguíneo de los animales. Con la disertación doctoral se logró evidenciar que los bolos intrarruminales son una estrategia de suplementación mineral viable para combatir las deficiencias de minerales traza en pequeños rumiantes, debido a que aportan la cantidad necesaria durante un periodo prolongado del mineral que contienen, sin alterar el contenido de otros minerales. | ||
| 650 | 4 |
_aSuplementación mineral _9146529 |
|
| 650 | 4 |
_aSelenio en nutrición animal _9103793 |
|
| 650 | 4 |
_aMinerales en los animales _9140760 |
|
| 700 | 1 |
_aHuerta Bravo, Maximino _9185569 _eDirector |
|
| 700 | 1 |
_aRuiz Flores, Agustín _9100671 _eAsesor |
|
| 700 | 1 |
_aRodríguez Patiño, Gabriela _9189659 _eAsesor |
|
| 700 | 1 |
_aLópez Arellano, Raquel _9189660 _eLector externo |
|
| 856 |
_uhttp://10.13.5.2/tesis/td/2020_ZO_Jimenez_Paez_JoseOrlando.pdf _zDESCARGAR PDF |
||
| 942 |
_2Clasificación Universidad Autónoma Chapingo _cTD |
||
| 999 |
_c220182 _d220182 |
||